000 00592nam a2200205Ia 4500
008 140626s9999 xx 000 0 und d
100 _aHieb.
245 2 _aA tablet is required :
_b promoting effective student use of tablets in the classroom /
_cHieb ... [et al.].
260 _cc2011.
300 _a2 : 2, page 54
440 _aComputers in Education Journal
521 _aIT
650 _aEffective learning.
650 _aLearning requirement.
650 _aProblem requirement.
650 _aStudent use.
650 _aStudentattitudes.
650 _aTablet.
942 _cSE
999 _c120910
_d120910